000 00585nam a2200229 4500
001 60988
003 BD-RjUL
005 20211209080917.0
008 170105s1999 ii ||||| |||| 00| 0 eng d
020 _a9788131227138
035 _a(BD-RjUL)61112
040 _beng
_cBD-RjUL
041 _aeng
082 _223
_a613.25
_bSHM 1999
100 _aSharma, Rekha
_9181885
245 0 1 _aDiet management/
_cRekha Sharma.
260 _aNew Delhi :
_bChurchill Livingstone,
_c1999.
300 _a236P. ;
_c21 cm.
500 _aIncludes index
650 _aDiet
_9181886
942 _2ddc
_cBK
999 _c60988
_d60988